| 000 | 01143nam1a2200301 4500 | ||
|---|---|---|---|
| 001 | RU\NLR\ONL1\15557 | ||
| 005 | 20250807185151.0 | ||
| 035 | _a(NLR Aleph) 009644297 | ||
| 090 |
_a1198 _c1198 |
||
| 100 | _a20250807 rusy50 | ||
| 101 | 0 | _akom | |
| 102 | _aRU | ||
| 105 | _ay ||||||||| | ||
| 200 | 1 |
_aКоми грамматика _eнеполной средньой и средньой школалы учебник _fКоми АССР Наркомпросса комиссия редакция улын |
|
| 210 |
_aСыктывкар _cКоми Госиздат _d1941-1942 |
||
| 215 | _d23 | ||
| 541 | 1 |
_aГрамматика коми языка _zrus |
|
| 606 | 0 |
_9Учебные издания для средней школы _aКоми-зырянский язык _2nlr-sh2 _2nlr-sh1 _3RU\NLR\auth\661230030 |
|
| 689 | 1 | _aШ166.421-922 | |
| 801 | 0 |
_aRU _bNLR _c20091207 _gPSBO |
|
| 852 |
_aNLR _jКоми-з./3-354 |
||
| 852 |
_aNLR _bОНЛ |
||
| 942 | _cBOOK | ||
| 945 | _aРоссийская национальная библиотека | ||
| 980 | _aNB | ||
| 980 | _aBV | ||